<?xml version="1.0" encoding="UTF-8"?>
<record
    xmlns:xsi="http://www.w3.org/2001/XMLSchema-instance"
    xsi:schemaLocation="http://www.loc.gov/MARC21/slim http://www.loc.gov/standards/marcxml/schema/MARC21slim.xsd"
    xmlns="http://www.loc.gov/MARC21/slim">

  <leader>01813nam a2200313   4500</leader>
  <controlfield tag="001">198</controlfield>
  <controlfield tag="003">OSt</controlfield>
  <controlfield tag="005">20250528074014.0</controlfield>
  <controlfield tag="008">250203b        |||||||g |||| 00| 1 eng d</controlfield>
  <datafield tag="020" ind1=" " ind2=" ">
    <subfield code="a">9788528612271</subfield>
  </datafield>
  <datafield tag="040" ind1=" " ind2=" ">
    <subfield code="b">por</subfield>
  </datafield>
  <datafield tag="041" ind1=" " ind2=" ">
    <subfield code="h">eng</subfield>
    <subfield code="a">por</subfield>
  </datafield>
  <datafield tag="082" ind1=" " ind2=" ">
    <subfield code="a">813</subfield>
    <subfield code="b">D353p</subfield>
  </datafield>
  <datafield tag="100" ind1="1" ind2=" ">
    <subfield code="a">Delinsky, Barbara,</subfield>
    <subfield code="d">1945-</subfield>
    <subfield code="9">360</subfield>
  </datafield>
  <datafield tag="240" ind1=" " ind2=" ">
    <subfield code="a">The passions of Chelsea Kane</subfield>
  </datafield>
  <datafield tag="245" ind1=" " ind2=" ">
    <subfield code="a">Paix&#xF5;es perigosas /</subfield>
    <subfield code="c">Delinsky, Barbara ; Tradu&#xE7;&#xE3;o de A. B. Pinheiro de Lemos</subfield>
  </datafield>
  <datafield tag="250" ind1=" " ind2=" ">
    <subfield code="a">3&#xB0; edi&#xE7;&#xE3;o</subfield>
  </datafield>
  <datafield tag="260" ind1=" " ind2=" ">
    <subfield code="a">Rio de Janeiro</subfield>
    <subfield code="b">Bertrand Brasil</subfield>
    <subfield code="c">2013</subfield>
  </datafield>
  <datafield tag="300" ind1=" " ind2=" ">
    <subfield code="a">518 p.</subfield>
  </datafield>
  <datafield tag="520" ind1=" " ind2=" ">
    <subfield code="a">Depois da morte de sua m&#xE3;e adotiva, Chelsea Kane, 36 anos, &#xE9; dominada pela necessidade de descobrir quem s&#xE3;o seus pais biol&#xF3;gicos. Ela tira uma folga de seu bem-sucedido escrit&#xF3;rio de arquitetura e vai para a pequena cidade onde nasceu, determinada a descobrir a verdade. Em sua busca, encontrar&#xE1; fortes desafios ao cora&#xE7;&#xE3;o e amea&#xE7;as graves &#xE0; integridade f&#xED;sica.



Originalmente escrito em 1992, "Paix&#xF5;es Perigosas", de Barbara Delinsky, est&#xE1; sendo relan&#xE7;ado nos Estados Unidos numa luxuosa edi&#xE7;&#xE3;o de capa dura, pois, segundo seu editor, "&#xE9; um cl&#xE1;ssico, poderoso e inesquec&#xED;vel, talvez o melhor romance desta magn&#xED;fica autora".



Poucas escritoras traduzem t&#xE3;o bem os problemas da alma feminina como a norte-americana Barbara Delinsky. Com personagens memor&#xE1;veis e uma narrativa envolvente, Paix&#xF5;es Perigosas &#xE9; o livro que garantiu &#xE0; escritora um sucesso estrondoso no mundo inteiro. O Brasil estava &#xE0; espera desse merecido &#xEA;xito.
</subfield>
  </datafield>
  <datafield tag="650" ind1=" " ind2="0">
    <subfield code="a">Literatura Americana</subfield>
    <subfield code="9">84</subfield>
  </datafield>
  <datafield tag="650" ind1=" " ind2="0">
    <subfield code="a">Chick Lit</subfield>
    <subfield code="9">363</subfield>
  </datafield>
  <datafield tag="650" ind1=" " ind2="0">
    <subfield code="a">Amor e Paix&#xE3;o</subfield>
    <subfield code="9">25</subfield>
  </datafield>
  <datafield tag="650" ind1=" " ind2="0">
    <subfield code="a">Familia</subfield>
    <subfield code="9">35</subfield>
  </datafield>
  <datafield tag="655" ind1=" " ind2="0">
    <subfield code="a">Romance</subfield>
    <subfield code="9">23</subfield>
  </datafield>
  <datafield tag="655" ind1=" " ind2="0">
    <subfield code="a">Fic&#xE7;&#xE3;o </subfield>
    <subfield code="9">22</subfield>
  </datafield>
  <datafield tag="700" ind1=" " ind2=" ">
    <subfield code="a">A. B. Pinheiro de Lemos</subfield>
    <subfield code="e">Tradutor</subfield>
    <subfield code="9">109</subfield>
  </datafield>
  <datafield tag="942" ind1=" " ind2=" ">
    <subfield code="2">ddc</subfield>
    <subfield code="n">0</subfield>
    <subfield code="c">BK</subfield>
  </datafield>
  <datafield tag="952" ind1=" " ind2=" ">
    <subfield code="0">0</subfield>
    <subfield code="1">0</subfield>
    <subfield code="2">ddc</subfield>
    <subfield code="4">0</subfield>
    <subfield code="7">0</subfield>
    <subfield code="8">FIC</subfield>
    <subfield code="a">BIBIB</subfield>
    <subfield code="b">BIBIB</subfield>
    <subfield code="c">LE</subfield>
    <subfield code="d">2018-02-02</subfield>
    <subfield code="e">doa&#xE7;&#xE3;o</subfield>
    <subfield code="l">0</subfield>
    <subfield code="o">813 / D353p</subfield>
    <subfield code="p">2025-15847</subfield>
    <subfield code="r">2025-01-31 07:47:58</subfield>
    <subfield code="w">2025-01-31</subfield>
    <subfield code="y">BK</subfield>
  </datafield>
  <datafield tag="999" ind1=" " ind2=" ">
    <subfield code="c">198</subfield>
    <subfield code="d">198</subfield>
  </datafield>
</record>
